Từ điển nông nghiệp Anh - Việt = English - Vietnamese agriculture dictionary

Salvato in:
Dettagli Bibliografici
Autore principale: Đường, Hồng Dật
Natura: Libro
Lingua:Undetermined
Pubblicazione: Thành phố Hồ Chí Minh Nông Nghiệp 2004
Soggetti:
Tags: Aggiungi Tag
Nessun Tag, puoi essere il primo ad aggiungerne! !
Thư viện lưu trữ: Trung tâm Học liệu Trường Đại học Cần Thơ
LEADER 00665nam a2200217Ia 4500
001 CTU_64173
008 210402s9999 xx 000 0 und d
020 |c 200000 
082 |a 630.3 
082 |b D124 
100 |a Đường, Hồng Dật 
245 0 |a Từ điển nông nghiệp Anh - Việt = 
245 0 |b English - Vietnamese agriculture dictionary 
245 0 |c Đường Hồng Dật 
260 |a Thành phố Hồ Chí Minh 
260 |b Nông Nghiệp 
260 |c 2004 
650 |a Agriculture 
650 |x Dictionaries,Vietnamese 
904 |i Minh 
980 |a Trung tâm Học liệu Trường Đại học Cần Thơ